| Tag |
First Indicator |
Second Indicator |
Subfields |
| LEADER |
00000cam a22000001a 4500 |
| 001 |
in00002180713 |
| 006 |
m e d # |
| 007 |
cr mn mmmmabba |
| 008 |
881208s1800 nhu s 000 0 eng d |
| 005 |
20260331153344.5 |
| 035 |
|
|
|z w038650
|
| 035 |
|
|
|a MAAR8812083902B
|
| 035 |
|
|
|9 mwa91-36850
|
| 035 |
|
|
|a 348796
|
| 035 |
|
|
|a aas03038650
|
| 040 |
|
|
|a MWA
|c MWA
|e bdrb
|d UtOrBLW
|
| 100 |
1 |
|
|a Weatherwise, Abraham.
|
| 245 |
1 |
3 |
|a An almanack, of the celestial motions, aspects, &c. for the year of our Lord, 1801. ... :
|b Calculated for the meridian of Portsmouth, in New-Hampshire, lat. 43 deg. 5 min, north. /
|c By Abraham Weatherwise.
|
| 264 |
|
3 |
|a Portsmouth [N.H.] :
|b Printed and sold by William Treadwell, & Co., opposite the State House,
|c [1800]
|
| 300 |
|
|
|a 24 unnumbered pages
|
| 336 |
|
|
|a text
|b txt
|2 rdacontent
|
| 337 |
|
|
|a computer
|b c
|2 rdamedia
|
| 338 |
|
|
|a online resource
|b cr
|2 rdacarrier
|
| 500 |
|
|
|a Title vignette.
|
| 510 |
4 |
|
|a Evans
|c 39032
|
| 510 |
4 |
|
|a Drake, M. Almanacs,
|c 4782
|
| 530 |
|
|
|a Microform version available in the Readex Early American Imprints series.
|
| 533 |
|
|
|a Electronic text and image data.
|b [Chester, Vt. :
|c Readex, a division of Newsbank, Inc.,
|d 2002-2004.
|e Includes files in TIFF, GIF and PDF formats with inclusion of keyword searchable text.
|f (Early American imprints. First series ; no. 39032).
|
| 500 |
|
|
|a Electronic resource.
|
| 655 |
|
7 |
|a Almanacs
|z New Hampshire
|y 1801.
|2 rbgenr
|
| 752 |
|
|
|a United States
|b New Hampshire
|d Portsmouth.
|
| 830 |
|
0 |
|a Early American imprints.
|n Series I,
|p Evans (1639-1800) ;
|v no. 39032.
|
| 856 |
4 |
1 |
|u http://proxy.library.tamu.edu/login?url=https://opac.newsbank.com/select/evans/39032
|y Evans Digital Edition
|t 0
|
| 999 |
|
|
|a MARS
|
| 999 |
f |
f |
|s fdaabd8d-35de-317f-8050-295ac3e3957a
|i a3e7883b-0bb1-39f9-b20b-9d4c35811a8d
|t 0
|
| 952 |
f |
f |
|a Texas A&M University
|b College Station
|c Electronic Resources
|s www_evans
|d Available Online
|t 0
|h No information provided
|
| 998 |
f |
f |
|t 0
|l Available Online
|